00413nam a2200169Ia 4500003000400000005001700004008004100021020001500062040000700077041000800084082001500092100002100107245002900128260005800157300001500215365001300230OSt20230505091905.0210423s2005 xx 000 0 und d a8178883767 cAL aeng a660.6 HAZN aHAZARE (Nandan). aMicrobial biotechnology. aNew DelhibDominant Publishers and Distributorsc2005 a12,315bPB b625cINR